Maggior numero di apparizioni nel FIFA FIFPro World XI - Statistics

Statistiche generali
  • Questo quiz è stato fatto 7 volte
  • Il punteggio medio è 11 su 12
Statistiche sulle risposte
Numero apparizioni Edizioni apparizioni Nazione Squadra Calciatore % Corretto
9 2009; 2010; 2011; 2012: 2013; 2014; 2015; 2016; 2017 Spagna Barcellona Andrès Iniesta
100%
15 2007; 2008; 2009; 2010; 2011; 2012; 2013; 2014; 2015; 2016; 2017; 2018; 2019; 2020; 2021 Portogallo Manchester United / Real Madrid / Juventus Cristiano Ronaldo
100%
16 2007; 2008; 2009; 2010; 2011; 2012; 2013; 2014; 2015; 2016; 2017; 2018; 2019; 2020; 2021; 2022 Argentina Barcellona / Paris Saint-Germain Lionel Messi
100%
6 2015; 2016; 2017; 2018; 2019; 2022 Croazia Real Madrid Luka Modrić
100%
11 2008; 2011; 2012; 2013; 2014; 2015; 2016; 2017; 2018; 2019; 2020 Spagna Real Madrid Sergio Ramos
100%
6 2008; 2009; 2010; 2011; 2012; 2013 Spagna Barcellona Xavi
100%
8 2009; 2011; 2012: 2013; 2015; 2016; 2017; 2018 Spagna Barcellona / Juventus / Paris Saint-Germain Dani Alves
83%
5 2008; 2009; 2010; 2011; 2012 Spagna Real Madrid Iker Casillas
83%
6 2012; 2015; 2016; 2017; 2018, 2019 Brasile Real Madrid Marcelo
83%
4 2010; 2011; 2012; 2016 Spagna Barcellona Gerard Piqué
67%
5 2005; 2006; 2007; 2008; 2009 Inghilterra Chelsea John Terry
67%
4 2013; 2014; 2015; 2013 Germania Bayern Monaco Manuel Neuer
67%
Nessun quiz corrispondente trovato
Distribuzione punteggi
Percentuale di utenti per punteggio
Percentile per numero di risposta
I tuoi punteggi nel tempo
Non hai fatto questo quiz